| 000 | 00536nmc a2200205 a 4500 | ||
|---|---|---|---|
| 003 | AR-X00000XY | ||
| 005 | 20251128212034.0 | ||
| 008 | 207020s1946 ||||||||||||||000 | spa|| | ||
| 040 | _cAR-X00000XY | ||
| 100 | 1 | _aChejov, Anton Pavlovich | |
| 245 | 1 | 0 | _aUna mujer insustancial |
| 260 |
_aBuenos Aires _bEmecé Editores _c1946 |
||
| 300 | 0 | _a58 p. | |
| 490 | 0 | _aCuadernos de la quimera | |
| 500 | 0 | _aEjemplar numerado nº 1988 | |
| 655 | _aLITERATURA | ||
| 700 | 1 |
_aGorodezki, Ida _etraductor |
|
| 942 | _cBK | ||
| 998 | _cmartin | ||
| 999 |
_c22197 _d22197 |
||